L'analyse descriptive des procedes de configuration des titres D'article de presse. Le cas du courrier du Vietnam : Mémoire de master en sciences de L'éducation. Spécialité: Didactique et Méthodologie du francais langue étrangère

Spremljeno u:
Bibliografski detalji
Glavni autor: Nguyen, Mai Han
Format: Knjiga
Jezik:Undetermined
Izdano: CanTho Universite de CanTho 2015
Teme:
Oznake: Dodaj oznaku
Bez oznaka, Budi prvi tko označuje ovaj zapis!
Thư viện lưu trữ: Trung tâm Học liệu Trường Đại học Cần Thơ
LEADER 00840nam a2200217Ia 4500
001 CTU_205446
008 210402s9999 xx 000 0 und d
082 |a 448.2407 
082 |b H121 
088 |a 60140111 
100 |a Nguyen, Mai Han 
245 0 |a L'analyse descriptive des procedes de configuration des titres D'article de presse. Le cas du courrier du Vietnam : 
245 0 |b Mémoire de master en sciences de L'éducation. Spécialité: Didactique et Méthodologie du francais langue étrangère 
245 0 |c Nguyen Mai Han ; Vo Van Chuong (Directeur de recherche) 
260 |a CanTho 
260 |b Universite de CanTho 
260 |c 2015 
650 |a French language,Tiếng Pháp 
650 |x Study and teaching,Dạy và học 
904 |i Hải 
980 |a Trung tâm Học liệu Trường Đại học Cần Thơ